Doba jedová /

Salvato in:
Dettagli Bibliografici
Autori principali: Strunecká, Anna (Autore), Patočka, Jiří (Autore)
Natura: Libro
Lingua:slovacco
Pubblicazione: Bratislava Ikar 2020
Soggetti:
Tags: Aggiungi Tag
Nessun Tag, puoi essere il primo ad aggiungerne!!

MARC

LEADER 00000nam a22000003a 4500
001 0106561
003 SK-STU
005 20231127095356.3
007 ta
008 231127s ----xo-----e------000-0-----d
020 |a 978-80-551-7088-6 
040 |a STU  |b slo 
041 0 |a slo 
044 |a xo 
100 1 |a Strunecká, Anna  |4 aut 
245 1 0 |a Doba jedová /  |c aut. Anna Strunecká, Jiří Patočka 
260 |a Bratislava  |b Ikar  |c 2020 
300 |a 302s. 
650 0 7 |a diéty a zdravá výživa 
650 0 7 |a zdravie a životný štýl 
700 1 |a Patočka, Jiří  |4 aut 
996 |b 284M089454  |c M* 14806-1  |l MMKN  |s A  |a 24  |w 0106561_0001